| 000 | 00331nam a22001217a 4500 | ||
|---|---|---|---|
| 082 |
_a398.8 _bAND _cL-NUST, P-43 |
||
| 100 |
_aPrakash, Ved _936427 |
||
| 245 | _aMy big book of nursery rhymes | ||
| 260 |
_aIndia _bDreamland publications _c1992 |
||
| 300 |
_ap-48 _bill |
||
| 526 |
_a0 _b0 _c0 _d398_800000000000000_AND |
||
| 942 |
_2ddc _cBK |
||
| 999 |
_c550105 _d550105 |
||